000 00452nam a2200157 i 4500
001 88381
003 ES-MaACL
005 20230906175841.0
007 t|
008 050104s1934 sp ||||1| spa d
100 1 _aLagunilla Iñárritu, Alfredo.
_969632
245 1 0 _aHistoria de Filemón el ateo /
_cAlfredo Lagunilla Iñárritu.
260 _aMadrid :
_b[s.n.,
_c1934] (
_fImp. Comercial)
300 _a108 p. ;
_c20 cm.
852 _aES-MaACL
_jA-3039
999 _c88381
_d88381